| 000 | 01240nam a2200337 a 4500 | ||
|---|---|---|---|
| 001 | 000109569 | ||
| 003 | CHAP | ||
| 005 | 20220329144055.0 | ||
| 008 | 140509s2014 mx sm |||||||spa d | ||
| 010 | _a106031 | ||
| 011 | _a107003 | ||
| 040 | _cCHAP | ||
| 090 | _aTesis | ||
| 100 | 0 | 0 |
_aSantos Ramos, Mauricio de los. _9102523 |
| 245 | 1 | 0 |
_aValuación de un proyecto de inversión a través de opciones reales aplicando el modelo Black-Scholes _h[En línea] _cpor Mauricio de los Santos Ramos. |
| 260 |
_aChapingo, Méx. : _bEl autor, _c2014. |
||
| 500 | _aPara ver el contenido del material haga clic en la liga | ||
| 502 | _aTesis (Ph. D. en Ciencias en Economía Agrícola) -- UACH. División de Ciencias Económico Administrativas | ||
| 590 |
_aBATCH-UPD _b05 _c20141002 _lUCH01 _h0903 |
||
| 590 |
_aE6096MTM _b05 _c20140509 _lUCH01 _h1401 |
||
| 590 |
_aE6096MTM _b05 _c20140509 _lUCH01 _h1403 |
||
| 650 | 1 | 4 |
_aCoco. _924234 |
| 650 | 1 | 4 |
_aEconomía _xMetodología. _935250 |
| 650 | 1 | 4 |
_aFinanzas _xEvaluación. _940940 |
| 650 | 1 | 4 |
_aInversiones. _960178 |
| 650 | 1 | 4 |
_aModelos econométricos. _976416 |
| 856 |
_aFinding aid _uhttp://10.13.5.2/tesis/sist109569.pdf _zTeclea aquí |
||
| 901 | _aBK | ||
| 942 | _cTESIS | ||
| 942 | _n0 | ||
| 999 |
_c106031 _d106031 |
||